00550nam a2200157Ia 4500003000900000008004100009040003300050041000800083080001100091245012900102260003700231300001600268942000700284952008400291999001700375LK-CoDNM010623t1892 xxu||||| |||| 00| 1 eng d aLK-CoDNMdLK-CoDNMeLK-CoDNM aeng a24 F 5 aCatalogue of the Colombo Museum Library : Paali Sinhalese and Sanskrit Manuscripts in the Ceylon Government Oriental Library bGovernment PresssaColomboc1892 b18p., 24 cm cBK 001040708MONOaMAINbMAINd2023-08-02l0o24 F 5r2023-08-02w2023-08-02yBK c83475d83475